Housing markets and independence in old age (Record no. 112239)
[ view plain ]
| 000 -LEADER | |
|---|---|
| fixed length control field | 01059cad a22002415a 4500 |
| 001 - CONTROL NUMBER | |
| control field | L152869 |
| 008 - FIXED-LENGTH DATA ELEMENTS--GENERAL INFORMATION | |
| fixed length control field | 110509s2011 xxk f 000 0 eng d |
| 035 ## - SYSTEM CONTROL NUMBER | |
| System control number | (Sirsi) u152869 |
| 041 0# - LANGUAGE CODE | |
| Language code of text/sound track or separate title | eng |
| 050 04 - LIBRARY OF CONGRESS CALL NUMBER | |
| Classification number | 306.1 $2 18 |
| 100 1# - MAIN ENTRY--PERSONAL NAME | |
| Personal name | Ball, Michael |
| 245 00 - TITLE STATEMENT | |
| Title | Housing markets and independence in old age |
| Remainder of title | expanding the opportunities |
| Medium | [electronic resource] |
| 260 ## - PUBLICATION, DISTRIBUTION, ETC. | |
| Place of publication, distribution, etc. | Reading |
| Name of publisher, distributor, etc. | Henley University of Reading |
| Date of publication, distribution, etc. | 2011 |
| 520 ## - SUMMARY, ETC. | |
| Summary, etc. | Outlines benefits of owner occupied retirement housing (OORH) in terms of the environment, local neighbourhoods and local housing markets. The supply of this type of accommodation needs to increase to meet demands of an aging population. Examples of schemes available. |
| 590 ## - LOCAL NOTE (RLIN) | |
| Local note | KA NTK |
| 651 #4 - SUBJECT ADDED ENTRY--GEOGRAPHIC NAME | |
| Geographic name | United Kingdom |
| Chronological subdivision | |
| 690 ## - LOCAL SUBJECT ADDED ENTRY--TOPICAL TERM (OCLC, RLIN) | |
| Topical term or geographic name as entry element | PROPERTY-RESIDENTIAL PROPERTY |
| 700 1# - ADDED ENTRY--PERSONAL NAME | |
| Personal name | Blanchette, Robert |
| 700 1# - ADDED ENTRY--PERSONAL NAME | |
| Personal name | Nanda, Anupam |
| 700 1# - ADDED ENTRY--PERSONAL NAME | |
| Personal name | Wyatt, Peter |
| 856 40 - ELECTRONIC LOCATION AND ACCESS | |
| Uniform Resource Identifier | <a href="https://www.henley.reading.ac.uk/web/FILES/REP/HousingMarketsinOldAge.pdf">https://www.henley.reading.ac.uk/web/FILES/REP/HousingMarketsinOldAge.pdf</a> |
| Public note | View the item free of charge at www.henley.reading.ac.uk |
| 942 ## - ADDED ENTRY ELEMENTS (KOHA) | |
| Suppress in OPAC | 0 |
| Withdrawn status | Lost status | Source of classification or shelving scheme | Damaged status | Not for loan | Home library | Current library | Shelving location | Date acquired | Total Checkouts | Full call number | Barcode | Date last seen | Copy number | Price effective from | Koha item type |
|---|---|---|---|---|---|---|---|---|---|---|---|---|---|---|---|
| Dewey Decimal Classification | Virtual | Virtual | Online | 09/05/2011 | ONLINE PUBLICATION | 152869-2001 | 06/08/2019 | 1 | 06/08/2019 | Book |